Communication between cultures /

Communication and culture. The influence of culture. From theory to practice. Knowledge into action.

সংরক্ষণ করুন:
গ্রন্থ-পঞ্জীর বিবরন
প্রধান লেখক: Samovar, Larry A.
অন্যান্য লেখক: Porter, Richard E.
বিন্যাস: গ্রন্থ
ভাষা:English
প্রকাশিত: Belmont, CA : Wadsworth, 2001.
সংস্করন:4th ed.
বিষয়গুলি:
ট্যাগগুলো: ট্যাগ যুক্ত করুন
কোনো ট্যাগ নেই, প্রথমজন হিসাবে ট্যাগ করুন!
Thư viện lưu trữ: Mạng thư viện Đại học Đà Nẵng
LEADER 01037cam a2200361 i 4500
001 000049384
003 9129
005 20030304144335.0
008 010323|2001 vm 000 eng
020 |a 0534534600 
040 |a IRC  |c IRC  |d IRC 
041 0 |a eng 
082 1 4 |a 303.482  |b SA-L 
100 1 |a Samovar, Larry A. 
245 0 0 |a Communication between cultures /  |c Larry A. Samovar, Richard E. Porter. 
250 |a 4th ed. 
260 |a Belmont, CA :  |b Wadsworth,  |c 2001. 
300 |a 334 p. ;  |c 23.5cm. 
520 3 |a Communication and culture. The influence of culture. From theory to practice. Knowledge into action. 
630 0 4 |a Intercultural communication. 
650 0 4 |a Intercultural communication. 
650 0 4 |a Communication and culture. 
700 1 |a Porter, Richard E. 
OWN |a DUT 
999 |a From the UDN01 
TYP |a Monograph 
TYP |a Printed language 
980 |a Mạng thư viện Đại học Đà Nẵng